000
00244nam a2200097Ia 4500
001
682969
005
20250826161429.0
008
250824s9999 xx 000 0 und d
245
0
_a
YÜKSEK GERİLİM
_c
ADALET AĞAOĞLU
260
_b
EVEREST YAYINLARI
999
_c
682969
_d
682969